پر يم چند کے نما يند ہ ا فسا نے (Record no. 91556)

MARC details
000 -LEADER
fixed length control field 00751nam a22002297a 4500
005 - DATE AND TIME OF LATEST TRANSACTION
control field 20150219114007.0
008 - FIXED-LENGTH DATA ELEMENTS--GENERAL INFORMATION
fixed length control field 140714b xxu||||| |||| 00| 0 Urdu d
010 ## - LCCN (DPL NO)
LC control number UR-8630
020 ## - INTERNATIONAL STANDARD BOOK NUMBER
Terms of availability 150.00
020 ## - INTERNATIONAL STANDARD BOOK NUMBER
Terms of availability 9789350733493
035 ## - SYSTEM CONTROL NUMBER
System control number U-7185
037 ## - SOURCE OF ACQUISITION
Source of stock number/acquisition DBAD/Pub.
040 ## - CATALOGING SOURCE
Original cataloging agency DPL
Language of cataloging Urdu
082 ## - DEWEY DECIMAL CLASSIFICATION NUMBER
Classification number ک
100 ## - MAIN ENTRY--PERSONAL NAME
Personal name ا عظم ا نصا ری
245 ## - TITLE STATEMENT
Title پر يم چند کے نما يند ہ ا فسا نے
Statement of responsibility, etc ا عظم ا نصا ری
246 ## - VARYING FORM OF TITLE
Title proper/short title rem Chand ke Numainda Dalit Afsane
Remainder of title by Azam Ansari
260 ## - PUBLICATION, DISTRIBUTION, ETC. (IMPRINT)
Place of publication, distribution, etc د ھلی
Name of publisher, distributor, etc Educational Publishing House
Date of publication, distribution, etc 2014
270 ## - ADDRESS
Address 3108,Vakeel Street,Kucha Pandit,Lal Kuan
City .Delhi
Postal code 110006
300 ## - PHYSICAL DESCRIPTION
Extent 216ص
Dimensions 22Cm (Hb)
942 ## - ADDED ENTRY ELEMENTS (KOHA)
Source of classification or shelving scheme Dewey Decimal Classification
Item type Urdu Bks
Edition
Classification part 840.0355
Call number suffix ا ن ص
Holdings
Withdrawn status Lost status Source of classification or shelving scheme Damaged status Not for loan Collection code Home library Current library Date acquired Source of acquisition Cost, normal purchase price Total Checkouts Full call number Barcode Date last seen Copy number Cost, replacement price Koha item type
    Dewey Decimal Classification   Not For Loan Non-fiction D.B.Act.Division D.B.Act.Division 19/02/2015 DBAD/Pub. 150.00   840.0355 ا ن ص U-7185 19/02/2015 1 150.00 Urdu Bks

© Delhi Public Library
Hit Counter
free hit counter